Library Logo

Pioneer International University Library Catalogue

Fata Morgana / (Record no. 8877)

MARC details
000 -LEADER
fixed length control field 00687cam a2200253 i 4500
001 - CONTROL NUMBER
control field 4599086
003 - CONTROL NUMBER IDENTIFIER
control field OSt
005 - DATE AND TIME OF LATEST TRANSACTION
control field 20250901165747.0
008 - FIXED-LENGTH DATA ELEMENTS--GENERAL INFORMATION
fixed length control field 760909s1977 nyu 000 1 eng
010 ## - LIBRARY OF CONGRESS CONTROL NUMBER
LC control number 76043292
020 ## - INTERNATIONAL STANDARD BOOK NUMBER
International Standard Book Number 0394409051 :
Terms of availability $7.95
040 ## - CATALOGING SOURCE
Original cataloging agency DLC
Transcribing agency DLC
Modifying agency DLC
050 00 - LIBRARY OF CONGRESS CALL NUMBER
Classification number PZ 4 .K872 1977
Item number Fat
Classification number PS3561.O85
082 00 - DEWEY DECIMAL CLASSIFICATION NUMBER
Classification number 813/.5/4
100 1# - MAIN ENTRY--PERSONAL NAME
Personal name Kotzwinkle, William.
245 10 - TITLE STATEMENT
Title Fata Morgana /
Statement of responsibility, etc. William Kotzwinkle.
250 ## - EDITION STATEMENT
Edition statement 1st ed.
260 ## - PUBLICATION, DISTRIBUTION, ETC.
Place of publication, distribution, etc. New York :
Name of publisher, distributor, etc. Knopf,
Date of publication, distribution, etc. 1977.
300 ## - PHYSICAL DESCRIPTION
Extent 209 p. ;
Dimensions 22 cm.
650 #0 - SUBJECT ADDED ENTRY--TOPICAL TERM
Topical term or geographic name entry element Toymakers
General subdivision Fiction.
655 #7 - INDEX TERM--GENRE/FORM
Genre/form data or focus term Fantastic fiction.
Source of term gsafd
906 ## - LOCAL DATA ELEMENT F, LDF (RLIN)
a 7
b cbc
c orignew
d 1
e ocip
f 19
g y-gencatlg
942 ## - ADDED ENTRY ELEMENTS (KOHA)
Source of classification or shelving scheme Library of Congress Classification
Koha item type Books
Holdings
Withdrawn status Lost status Source of classification or shelving scheme Damaged status Not for loan Home library Current library Shelving location Date acquired Total checkouts Full call number Barcode Date last seen Price effective from Koha item type
    Library of Congress Classification     Main Library Main Library   10/11/2024   PZ 4 .K872 1977 PIU0003376 10/11/2024 10/11/2024 Books